00485nam a2200145Ia 4500008004100000041000800041082001600049100001700065245002900082260003800111300002400149365001100173999001700184952013800201240624s9999 xx 000 0 und d aeng a658.401 SAN aSANDER PETER aWHAT WOULD STEVE JOBS DO c2012aNew DelhibTata McGraw-Hill a215 : p. : cm. ; 22 cRSb33 c25841d25841 00104070aIMTNbIMTNcRack 28-Ad2015-11-30eVBCg350.00l1o658.401 SANp25841r2026-01-18 19:15:17s2026-01-08t1w2024-06-24yBK